| 000 | 00597nam a22001817a 4500 | ||
|---|---|---|---|
| 008 | 160804b xxu||||| |||| 00| 0 eng d | ||
| 020 | _a1-41806496-3 | ||
| 082 |
_22007 _aDC 321.31924 _bZ1e |
||
| 100 |
_912289 _aZachariason, Rob |
||
| 245 |
_aElectrical materials/ _cRob Zachariason |
||
| 260 |
_aAustralia: _bThomson Delmar Learning, _cc2007. |
||
| 300 |
_aix, 116 pages: _bcolor illustrations; _c28 cm. |
||
| 500 | _aIncludes bibliographical references and index. | ||
| 650 | 0 |
_912290 _aElectric conductors |
|
| 650 | 0 |
_912291 _aElectric cables |
|
| 365 |
_aPhp _b973.00 |
||
| 942 |
_2ddc _cDC |
||
| 999 |
_c3690 _d3690 |
||